Fawlty Towers - Finish the quote - Statistics

General Stats
  • This quiz has been taken 203 times
  • The average score is 10 of 15
Answer Stats
Hint Answer % Correct
You'll have to forgive him. He's from ________. Barcelona
98%
Don't mention the ___. I mentioned it once, but I think I got away with it all right. war
97%
A satisfied customer. We should have him ________. stuffed
82%
I'm going to give you a damn good ________! thrashing
81%
Excuse me, is this a piece of your _____? brain
79%
Don't be ______, it's only my wife laughing. alarmed
74%
He put _____ in the ratatouille. Basil
73%
No, I don't want to debate about it, if you're not over here in twenty minutes with my door I shall come over there and insert a large _______ ______ in you. garden gnome
71%
Now listen to me. I booked a room with a ____. When I book a room with a ____ I expect to get a ____. bath
67%
I think we're just out of ________. Waldorfs
67%
I mean, it does say _____ outside. Maybe I should be more precise, '_____ for people who have more than 50% chance of making it through the night'! hotel
66%
Oh, you're ______! I'm sorry, I thought there was something wrong with you. German
59%
Two _______? Did you take the exam twice? Doctors
51%
Well I'm sorry it wasn't wide enough for you. A lot of the English cars have ________ _____. steering wheels
40%
A _______! A _______! Like your English! pigeon
36%
No matching quizzes found
Score Distribution
Percent of People with Each Score
Percentile by Number Answered
Your Score History
You have not taken this quiz